Statistiken für Top 10 Beliebteste Hunderassen

Klicken Sie hier um das Quiz zu spielen!

Allgemein

  • Dieses Quiz wurde 471 mal gespielt
  • Das Durchschnittsergebnis liegt bei 5 aus 10

Antwortstatistiken

Antwort% Korrekt
Pudel
92%
Golden Retriever
80%
Labrador
80%
Deutscher Schäferhund
79%
Rottweiler
59%
Deutsche Dogge
49%
Deutscher Boxer
17%
Deutsch Drahthaar
9%
Cavalier King Charles Spaniel
8%
Teckel
8%

Verteilung der Resultate

Perzentil nach korrekt beantworteten Fragen

Anzahl Personen mit jedem Resultat

Ihre Resultats-Entwicklung

Sie haben dieses Quiz noch nicht gespielt